John Wayne - Roles by Picture - Statistics

General Stats
  • This quiz has been taken 22 times
  • The average score is 19 of 132
Answer Stats
Picture Answer % Correct
Rooster Cogburn
86%
Temujin / Genghis Khan
71%
Ethan Edwards
57%
J.B. Books
50%
Sheriff John T. Chance
50%
Capt. Nathan Cutting Brittles
43%
Col. Davy Crockett
43%
Det. Lt. Lon 'McQ' McHugh
43%
Lt. James 'Jim' Brannigan
43%
Capt. Kirby York
36%
Cole Thornton
36%
Lt. Col. Kirby Yorke
36%
Sgt. John M. Stryker
36%
Col. Mike Kirby
29%
George Washington 'G.W.' McLintock
29%
J.D. Cahill
29%
Ringo Kid
29%
Sean Thornton
29%
Thomas Dunson
29%
Capt. Jake Cutter
21%
Col. Cord McNally
21%
Col. John Henry Thomas
21%
Col. John Marlowe
21%
Gen. William Tecumseh Sherman
21%
Hondo Lane
21%
Jacob McCandles
21%
Michael Patrick 'Guns' Donovan
21%
Robert Marmaduke Sangster Hightower
21%
Taw Jackson
21%
Tom Doniphon
21%
Capt. Karl Ehrlich
14%
Frank W. 'Spig' Wead
14%
Jim McLain
14%
Joe January
14%
John Breech
14%
John Chisum
14%
John Elder
14%
Lane
14%
Lt. Col. Benjamin Vandervoort
14%
Sam McCord
14%
Sean Mercer
14%
Townsend Harris
14%
Wil Andersen
14%
Biff Smith
7%
Bob Adams
7%
Bob Seton
7%
Bos'n Bob Randall
7%
Breck Coleman
7%
Capt. Dooley
7%
Capt. Jack Stuart
7%
Capt. Jim Gordon
7%
Capt. John Ashley
7%
Capt. John Delmont
7%
Capt. John Holmes
7%
Capt. Ralls
7%
Capt. Rockwell W. 'Rock' Torrey
7%
Capt. Rusty Thomas
7%
Capt. Tom Wilder
7%
Centurion
7%
Chance Buckman
7%
Charles 'Pittsburgh' Markham / Charles Ellis
7%
Chris Morrell
7%
Clint Turner
7%
Col. Jim Shannon
7%
Col. Joseph Madden
7%
Daniel F. Somers
7%
Dave Rudd
7%
Dick Wallace
7%
Duke
7%
Duke Fergus
7%
Duke Hudkins
7%
Duke Slade
7%
Dusty Rhodes
7%
FO Dan Roman
7%
Gen. Mike Randolph
7%
Gordon Wales
7%
Jackson Morgan
7%
Jerry Mason
7%
Jimmy McCoy Jr.
7%
Jim Smith
7%
John Bishop
7%
John Blair
7%
John Brant / Smith
7%
John Carruthers
7%
John Clayborn
7%
John Dawson
7%
John Devlin
7%
John Drury
7%
John Higgins
7%
John Martin
7%
John Mason
7%
John Mason
7%
John Middleton
7%
Johnny Hanson
7%
Johnny Munroe
7%
John Phillips
7%
John Reynolds
7%
John Scott / John Jones
7%
John Steele
7%
John Tipton
7%
John Tobin
7%
John Travers
7%
John Trent
7%
John Weston
7%
John Wyatt / John Allen
7%
John Wyatt / John Rogers
7%
Larry Baker
7%
Lt. Bob Denton
7%
Lt. Cmdr. Duke E. Gifford
7%
Lt. Cmdr. Wedge Donovan
7%
Lt. Dan Brent
7%
Lt. (J.G.) Rusty Ryan
7%
Lynn Hollister
7%
Maj. Daniel Xavier Kirby
7%
Matt Masters
7%
Matt Matthews
7%
Mike Cronin
7%
Olsen
7%
Pat Glendon
7%
Pat Talbot
7%
Peter Brooks
7%
Quirt Evans
7%
Randy Bowers
7%
Rocklin
7%
Rod Drew
7%
Roy Glennister
7%
Singin' Sandy Saunders
7%
Steve Williams
7%
Stony Brooke
7%
Ted Hayden / Gat Ganns
7%
Tom Craig
7%
Tom Wayne
7%
No matching quizzes found
Score Distribution
Percent of People with Each Score
Percentile by Number Answered
Your Score History
You have not taken this quiz